000
00289nam a22001337a 4500
008
170623b xxu||||| |||| 00| 0 eng d
020
_a
9780312036553
041
_a
eng
080
_2
2ND
_a
32
100
_a
21
101
_a
SHP
245
_a
SOVIET POLITICS
_c
SMITH, G.B
942
_2
udc
_c
BK
999
_c
19042
_d
19042